01013nas a2200289 454500001001200000003000900012005001700021007000300038008003400041040005400075041000900129072000800138100002000146100001500166100001700181245011300198300002000311650000800331650001900339650001000358650001700368773007800385909004000463942001700503999001900520952018400539IICA0700929BR-BrBNA20260323111553.0ta260323b bl.|||p| |||| 00| 00por d aBR-BrBNAbporcBiblioteca Nacional de Agricultura a(Es) aF611 aFernández, J.1 aBalkar, J.1 aMeyer, L.H. 1 aInfluencia de la iluminación sobre la actividad fotosintética de las hojas de vid cultivada en espaldera av. 27(1) p. 3-6 aUVA aVITIS VINIFERA aFOLHA aFOTOSSINTESE0 tTURRIALBA (IICA)X0041-4360g(Jan-Mar 1977), v. 27(1) p. 3-6wIICA0700929 a202603bLúciac55dLúcia Elande 2IICAn0cANA c340913d340913 002IICA40718Documentação Internacionala41918b41918cPeriódicos Agrícolash(Jan-Mar 1977), v. 27(1) p. 3-6l0r2026-03-23t01yCRePortaria Interministerial nº 164/94